Kirjaimella F alkavia sanoja #2 - Statistics

Yleistilastot
  • Tätä visaa on pelattu 1 004 kertaa
  • Keskiarvotulos 13 / 20
Vastaustilastot
Määritelmä Sana % Oikein
Mureneva kreikkalainen juusto Feta
96%
Muinaisen Egyptin kuninkaiden arvonimi Faarao
93%
Tosiseikka Fakta
92%
Suurikokoinen piano, jonka kielet ovat vaakasuorassa Flyygeli
92%
Tumma sokerilaatu, johon on lisätty siirappia Fariinisokeri
87%
Värikäs peltokanalintu Fasaani
87%
Ensimmäisen vuoden yliopisto-opiskelija Fuksi
80%
Totalitaristinen ja äärimmäisen kansallismielinen poliittinen aate Fasismi
78%
Ainetta ja energiaa tutkiva luonnontiede Fysiikka
78%
Yleensä elokuviin tai musiikkiin liittyvä juhla Festivaali
70%
Lääkeaineita tutkiva tieteenala Farmasia
66%
Improvisoitu räppäys Freestyle
63%
Ohut metalli- tai muovikalvo Folio
59%
Seremonioiden alussa vaskipuhaltimilla esitettävä lyhyt musiikkiesitys Fanfaari
55%
Muun muassa baklavassa käytetty kaakkoiseurooppalainen lehtitaikina Filotaikina
49%
Mielikuvituksellisuutta hyödyntävä usein mytologiaan perustuva taiteen muoto Fantasia
42%
Runsaasti nukattu tekokuitu Fleece
36%
Pehmeä lierihattu Fedora
29%
Antiikin Rooman taruston miehen ja pukin yhdistelmä Fauni
25%
Yrityksen oikeus käyttää jotakin tunnettua tavaramerkkiä toiminnassaan maksua vastaan Franchise
17%
Ehtoja vastaavia visoja ei löytynyt
Tulosjakauma
Jokaisen tuloksen saaneiden osuus
Persentiili vastausten määrän mukaan
Tuloshistoriasi
Et ole pelannut tätä visaa